[Event "Buenos Aires PRENAJ"]
[Site "Buenos Aires"]
[Date "1994.??.??"]
[Round "9"]
[White "Scarella, Enrique"]
[Black "Auciello, Sergio"]
[Result "1-0"]
[WhiteElo "2405"]
[BlackElo "2355"]

1.Nf3 d5 2.c4 c6 3.d4 Nf6 4.Nc3 e6 5.e3 Be7 6.Bd3 O-O 7.O-O b6 8.e4 Bb7 9.Qc2 h6
10.e5 Nfd7 11.cxd5 cxd5 12.Qe2 Nc6 13.a3 Re8 14.Be3 Nf8 15.Nd2 f5 16.f4 g6
17.g4 Qd7 18.Kh1 Bd8 19.Rg1 Re7 20.h4 Rg7 21.h5 g5 22.Rg2 gxf4 23.Bxf4 Nxd4
24.Qf2 Be7 25.Bxh6 Bc5 26.Bxg7 Kxg7 27.gxf5+ Kh8 28.Qg3 Qf7 29.f6 Nd7 30.Qg7+ Qxg7
31.Rxg7 Nxe5 32.Rh7+ Kg8 33.Rg1+ Kf8 34.Rgg7 Ke8 35.Rxb7 Nxd3 36.Rh8+ Bf8
37.f7+  1-0

[Event "Buenos Aires PRENAJ"]
[Site "Buenos Aires"]
[Date "1994.??.??"]
[Round "10"]
[White "Restifa, Hector"]
[Black "Escobar, Telmo"]
[Result "0-1"]
[WhiteElo "2310"]
[BlackElo "2255"]

1.d4 d5 2.c4 c6 3.Nf3 Nf6 4.Nc3 e6 5.e3 Nbd7 6.Qc2 Bd6 7.Bd3 O-O 8.e4 e5
9.cxd5 exd4 10.dxc6 dxc3 11.cxd7 cxb2 12.Bxb2 Bb4+ 13.Kf1 Bxd7 14.e5 Rc8
15.Qb3 Be6  0-1

[Event "BUL-ch"]
[Site "BUL"]
[Date "1994.??.??"]
[Round "8"]
[White "Delchev, Aleksander"]
[Black "Stavrev, Nikolai"]
[Result "1-0"]
[WhiteElo "2480"]
[BlackElo "2245"]

1.d4 d5 2.c4 c6 3.Nc3 Nf6 4.e3 e6 5.Nf3 Nbd7 6.Bd3 dxc4 7.Bxc4 b5 8.Bd3 a6
9.e4 c5 10.d5 c4 11.dxe6 fxe6 12.Bc2 Qc7 13.O-O Bc5 14.e5 Nxe5 15.Bf4 Nxf3+
16.Qxf3 Qa7 17.Ne4 Bb7 18.Nxf6+ gxf6 19.Qh5+ Ke7 20.Rae1 Qb6 21.Rxe6+ Qxe6
22.Qxc5+ Kf7 23.Qh5+ Ke7 24.Bd2 Rag8 25.g3 Rg5 26.Bxg5 fxg5 27.Qxg5+ Kf7
28.Qh5+ Kg7 29.Rd1 Bc6 30.Qg5+ Kf7 31.Qf4+ Kg7 32.Qc7+ Kf8 33.Rd8+ Be8 34.Rd4 Bc6
35.Be4  1-0

[Event "BUL-ch"]
[Site "BUL"]
[Date "1994.??.??"]
[Round "13"]
[White "Todorov, Ognjan"]
[Black "Stavrev, Nikolai"]
[Result "0-1"]
[WhiteElo "2400"]
[BlackElo "2245"]

1.d4 d5 2.Nf3 Nf6 3.c4 c6 4.Nc3 e6 5.e3 Nbd7 6.Bd3 dxc4 7.Bxc4 b5 8.Bb3 b4
9.Ne2 Bb7 10.Nf4 c5 11.O-O Bd6 12.Re1 O-O 13.d5 exd5 14.Nxd5 Ne5 15.e4 Nxd5
16.exd5 Qf6 17.Be3 Nxf3+ 18.Qxf3 Qxb2 19.Rac1 Rac8 20.Rc4 Rfe8 21.Rd1 a5
22.Rh4 Qc3 23.g3 Ba6 24.Kg2 c4 25.Ba4 Re7 26.Rc1 Qf6 27.Bf4 c3 28.Bxd6 Qxd6
29.Bc2 g6 30.Re4 Rxe4 31.Qxe4 Bc4 32.Bb3 Bxb3 33.axb3 a4 34.bxa4 b3  0-1

[Event "ESP-chT"]
[Site "Cala Galdana"]
[Date "1994.??.??"]
[Round "?"]
[White "Bernal Caaman, Jose Luis"]
[Black "San Segundo, Pablo"]
[Result "1-0"]
[WhiteElo "2270"]
[BlackElo "2470"]

1.d4 d5 2.c4 e6 3.Nc3 c6 4.e3 Nf6 5.Nf3 Nbd7 6.Bd3 dxc4 7.Bxc4 b5 8.Bd3 a6
9.e4 c5 10.e5 cxd4 11.Ne4 Nd5 12.O-O h6 13.a4 b4 14.Re1 Bb7 15.Bc2 Nc5 16.Qxd4 Nxe4
17.Qxe4 Rc8 18.a5 Bc5 19.Bb3 Kf8 20.Bd2 g6 21.h4 Rc7 22.Qg4 Qa8 23.Bxd5 Bxd5
24.Bxb4 Bxb4 25.Qxb4+ Kg7 26.Qf4 Bxf3 27.gxf3 Qd8 28.Rad1 Qe7 29.Rd6 Rb8
30.b4 g5 31.Qg4 Kh8 32.Qh5 Kh7 33.hxg5 Qxg5+ 34.Qxg5 hxg5 35.Re4 Rcb7 36.Rdd4 Rb5
37.f4 gxf4 38.Rxf4 Rxe5 39.Rxf7+ Kg6 40.Ra7 Reb5 41.Rxa6 Kf5 42.Rdd6 e5 43.Rab6 Rxb4
44.Rxb8 Rxb8 45.Rd1 e4 46.Ra1 Kg4 47.Ra3 e3 48.fxe3 Kf3 49.a6  1-0

[Event "ESP-chT"]
[Site "Cala Galdana"]
[Date "1994.??.??"]
[Round "?"]
[White "Alvarez Ibarra, D Rafael"]
[Black "Gil Capape, Javier"]
[Result "1/2-1/2"]
[WhiteElo "2435"]
[BlackElo "2425"]

1.d4 d5 2.Nf3 Nf6 3.c4 c6 4.e3 e6 5.Nc3 Nbd7 6.Qc2 Bd6 7.b3 O-O 8.Be2 Qe7
9.O-O dxc4 10.bxc4 e5 11.Rd1 Re8 12.Rb1 e4 13.Nd2 b6 14.Nf1 h5 15.f3  1/2-1/2

[Event "ESP-chT"]
[Site "Cala Galdana"]
[Date "1994.??.??"]
[Round "1"]
[White "Anguix Garrido, Juan Francisco"]
[Black "Gonzalez Perez, Lutgarda"]
[Result "1-0"]
[WhiteElo "2325"]
[BlackElo "2235"]

1.Nf3 d5 2.c4 c6 3.e3 Nf6 4.Nc3 e6 5.d4 Nbd7 6.Qc2 dxc4 7.Bxc4 b5 8.Be2 Bb7
9.a3 a6 10.b4 a5 11.Rb1 axb4 12.axb4 Nd5 13.Nxd5 exd5 14.O-O Bd6 15.Bd3 Qe7
16.e4 dxe4 17.Bxe4 Kf8 18.Bd2 Nf6 19.Bd3 Nd5 20.Rfe1 Qc7 21.h3 h6 22.Ne5 Ra4
23.Be4 Qb6 24.Bxd5 cxd5 25.Ng6+ fxg6 26.Qxg6 Ra8 27.Re6  1-0

[Event "ESP-chT"]
[Site "Cala Galdana"]
[Date "1994.??.??"]
[Round "7"]
[White "Cruz Lopez Claret, Carlos"]
[Black "Pareja Perez, Juan F"]
[Result "1-0"]
[WhiteElo "2305"]
[BlackElo "2135"]

1.d4 d5 2.c4 c6 3.Nc3 Nf6 4.e3 e6 5.Nf3 Be7 6.Bd3 Nbd7 7.O-O O-O 8.b3 Qa5
9.Bb2 Ba3 10.Qc2 Bxb2 11.Qxb2 dxc4 12.bxc4 e5 13.Nd2 exd4 14.exd4 Qh5 15.Nce4 Nxe4
16.Nxe4 Qh6 17.c5 b6 18.Rac1 Rb8 19.Qa3 bxc5 20.dxc5 Ne5 21.Be2 Be6 22.f4 Bd5
23.Nd6 Qg6 24.Qh3 Rb2 25.Rf2 Rxe2 26.Rxe2 Nd3 27.Nf5 Kh8 28.Qxd3  1-0

[Event "Calcutta op2"]
[Site "Calcutta"]
[Date "1994.??.??"]
[Round "?"]
[White "Roktim, Bandyopadhyay"]
[Black "Imocha, Laisram"]
[Result "0-1"]
[WhiteElo "2185"]
[BlackElo "2285"]

1.d4 d5 2.c4 c6 3.Nf3 Nf6 4.e3 e6 5.Nc3 Nbd7 6.Qc2 Bd6 7.g4 dxc4 8.g5 Nd5
9.Bxc4 N7b6 10.Be2 Nxc3 11.bxc3 c5 12.e4 cxd4 13.Nxd4 Bd7 14.Be3 O-O 15.Bd3 Ba4
16.Qe2 Rc8 17.Rc1 Ba3 18.O-O Bxc1 19.Rxc1 Nd7 20.f4 e5 21.Nf3 exf4 22.Bd4 Nc5
23.Bc4 Re8 24.g6 hxg6 25.Qg2 Nxe4 26.Qxg6 Qxd4+ 27.Nxd4 Rxc4 28.Qf5 Nxc3
29.Qa5 Rxd4 30.Rxc3 Bc6 31.Rxc6 bxc6 32.Qxa7 Rd2 33.Kf1 f3 34.Qc7 Rxa2 35.Qxc6 Rb8  0-1

[Event "Calcutta op2"]
[Site "Calcutta"]
[Date "1994.??.??"]
[Round "?"]
[White "Gokhale, Anupama"]
[Black "Chatterjee, KK."]
[Result "0-1"]
[WhiteElo "2190"]
[BlackElo "2240"]

1.d4 d5 2.c4 c6 3.Nc3 Nf6 4.Nf3 e6 5.e3 Nbd7 6.Qc2 g6 7.Be2 Bg7 8.O-O O-O
9.e4 dxc4 10.Bxc4 Qe7 11.e5 Nd5 12.Bg5 f6 13.exf6 Bxf6 14.Bd2 N7b6 15.Bb3 Nxc3
16.Bxc3 Nd5 17.Bd2 Bg7 18.Qe4 Qd6 19.Rfe1 Bd7 20.Rad1 Rf5 21.Qh4 Re8 22.Ng5 h6
23.Ne4 Qf8 24.Ng3 Rf6 25.Bc2 Nf4 26.Ne4 Rf5 27.Nc5 g5 28.Qg3 Bc8 29.Bxf4 Rxf4
30.Qd3 Qd6 31.Qh7+ Kf8 32.Ne4 Qb4 33.g3 Rf3 34.Nc5  0-1

[Event "CAN-ch"]
[Site "CAN"]
[Date "1994.??.??"]
[Round "3"]
[White "Piasetski, Leon David"]
[Black "Leveille, Francois"]
[Result "1/2-1/2"]
[WhiteElo "2365"]
[BlackElo "2380"]

1.d4 d5 2.c4 c6 3.Nf3 Nf6 4.Nc3 e6 5.e3 Nbd7 6.Qc2 Bd6 7.Be2 O-O 8.O-O Qe7
9.Rd1 Re8 10.b3 dxc4 11.bxc4 e5 12.Ng5 exd4 13.exd4 Nf8 14.h3 Ng6 15.Bd3 Bf5
16.Be3 Bxd3 17.Qxd3 Rad8 18.Rab1 b6 19.Nf3 h6 20.Qf5 Bb4 21.Rb3 Bxc3 22.Rxc3 Ne4
23.Rb3 Nh4 24.Nxh4 Qxh4 25.Rdb1 Nd6 26.Qc2 Qe4  1/2-1/2

[Event "CAN-ch"]
[Site "CAN"]
[Date "1994.??.??"]
[Round "4"]
[White "Baragar, Fletcher"]
[Black "O'Donnell, Tom"]
[Result "1/2-1/2"]
[WhiteElo "2285"]
[BlackElo "2410"]

1.c4 e6 2.d4 d5 3.Nc3 c6 4.e3 Nf6 5.Nf3 Nbd7 6.Bd3 dxc4 7.Bxc4 b5 8.Be2 Bb7
9.O-O b4 10.Na4 Be7 11.a3 bxa3 12.b3 O-O 13.Bxa3 Bxa3 14.Rxa3 Qe7 15.Qa1 c5
16.Nxc5 Nxc5 17.dxc5 Qxc5 18.Ra5 Qe7 19.Rxa7 Bxf3 20.Rxe7 Rxa1 21.Bxf3 Rxf1+
22.Kxf1 Rb8 23.Ra7 Kf8 24.Ra8 Rxa8 25.Bxa8 Ke7 26.Ke2 Kd6 27.b4 Kc7 28.h3 Kb6
29.Kd3 Ne8 30.f4 f6 31.Bf3 Nd6 32.Bg4 e5 33.Bd7 Kc7 34.Ba4 Kb6 35.Bc2 h6
36.Kc3 Kc6 37.Bd3 Kb6 38.Kd2 Kc6 39.fxe5 fxe5 40.Ke1 Kd5 41.Kf2 Ne8 42.Kf3 Nf6
43.Bg6 Kc4 44.g4 Kxb4 45.h4 Kc5 46.g5 hxg5 47.hxg5 Ng8 48.Ke4 Kd6 49.Bf7 Ne7
50.Bb3 Nc6 51.Bd5 Ne7 52.Bf7  1/2-1/2

[Event "ESP-ch"]
[Site "Canete"]
[Date "1994.??.??"]
[Round "?"]
[White "Paramos Dominguez, Roberto"]
[Black "Aranda Marin, Cristian"]
[Result "0-1"]
[WhiteElo "2365"]
[BlackElo "2170"]

1.d4 d5 2.c4 c6 3.Nc3 Nf6 4.e3 e6 5.Nf3 Nbd7 6.Bd3 dxc4 7.Bxc4 b5 8.Bd3 Bb7
9.a3 b4 10.Ne4 Nd5 11.O-O Be7 12.Qc2 Qb6 13.Ng3 h6 14.e4 N5f6 15.Qe2 c5 16.dxc5 Bxc5
17.axb4 Bxb4 18.Be3 Bc5 19.Bxc5 Nxc5 20.Bb5+ Ke7 21.e5 Nd5 22.Qc4 Rhc8 23.Nh5 a6
24.Ba4 Qb4 25.Qxb4 Nxb4 26.Bd1 Kf8 27.Be2 Ncd3 28.Ra3 Nc1 29.Bd1 Rd8 30.Rc3 Rac8
31.h3 Rxc3 32.bxc3 Nba2 33.c4 Nd3 34.Bc2 Bxf3 35.gxf3 Nxe5 36.Kg2 Nb4 37.Bb3 Rd3
38.Rb1 Nxf3 39.Nf4 Nh4+ 40.Kf1 Rc3 41.Ke2 g5 42.Nh5 Rxh3 43.Ng3 Nf5 44.Kf3 Nd4+
45.Ke3 e5 46.Bd1 a5 47.Bg4 Rh4 48.f3 Rh2 49.c5 Rg2 50.c6 Nbxc6 51.Nf5 Re2+
52.Kd3 Rh2 53.Nxd4 Nxd4 54.Ke4 f6 55.Rb7 h5 56.Bc8 Re2+ 57.Kd5 Re3 58.Rh7 Rxf3
59.Kd6 Kg8 60.Rd7 a4 61.Bb7 Rf2 62.Bd5+ Kh8 63.Ke7 Kg7 64.Be4 g4 65.Rd8 a3  0-1

[Event "ESP-ch"]
[Site "Canete"]
[Date "1994.??.??"]
[Round "?"]
[White "Bernal Moro, Luis Javier"]
[Black "Aranda Marin, Cristian"]
[Result "1-0"]
[WhiteElo "2390"]
[BlackElo "2170"]

1.d4 d5 2.c4 c6 3.Nc3 Nf6 4.e3 e6 5.Nf3 Nbd7 6.Bd3 dxc4 7.Bxc4 b5 8.Be2 b4
9.Na4 Qa5 10.a3 Ba6 11.axb4 Bxb4+ 12.Bd2 Bxe2 13.Qxe2 Ne4 14.O-O Nxd2 15.Nxd2 Qb5
16.Nc4 O-O 17.Rfc1 Rfd8 18.Nc3 Bxc3 19.Rxc3 c5 20.Qh5 Nf6 21.Qxc5 Qxc5 22.dxc5 Ne4
23.Rca3 Nxc5 24.g3 Rac8 25.Rxa7 Nd3 26.b3 g5 27.h3 Kf8 28.R1a5 h6 29.Rb5 Rb8
30.Rbb7 Rxb7 31.Rxb7 Ke8 32.b4 Rd7 33.Rxd7 Kxd7 34.b5 f6 35.Kf1 Nb4 36.Ke2 Nd5
37.Kd3 Nc7 38.b6 Nd5 39.e4 Ne7 40.Na5 Ng6 41.Kd4 Ne5 42.Kc5 Nf7 43.Kb5 Nd6+
44.Ka6 Nxe4 45.b7 Nc5+ 46.Kb5  1-0

[Event "Cannes op"]
[Site "Cannes"]
[Date "1994.??.??"]
[Round "1"]
[White "Sellos, Didier"]
[Black "Bacrot, Etienne"]
[Result "1/2-1/2"]
[WhiteElo "2420"]
[BlackElo "2255"]

1.d4 d5 2.c4 e6 3.Nc3 c6 4.e3 Nf6 5.Nf3 Nbd7 6.Bd3 dxc4 7.Bxc4 b5 8.Bd3 Bb7
9.O-O b4 10.Na4 c5 11.dxc5 Bxc5 12.Nxc5 Nxc5 13.Bb5+ Ke7 14.Bd2 Bxf3 15.gxf3 Qb6
16.Qe2 a5 17.Rfd1 Rhd8 18.Be1 Rab8 19.Bc4 Nfd7 20.f4 e5 21.f5 e4 22.Rd5 Nf6
23.Rxd8 Rxd8 24.Rd1 Rxd1 25.Qxd1 Ncd7 26.Qd4 Qxd4 27.exd4 Ne8 28.a3 Nd6 29.Ba2 bxa3
30.bxa3 Nxf5 31.Bxa5 Nxd4 32.Bb4+ Ke8 33.Kg2 Nc2 34.Bd6 e3 35.fxe3 Nxe3+
36.Kf3 Nf5 37.Bb4 Ne7 38.Bc3 f6 39.a4 Kd8 40.Ba5+ Kc8 41.Bb4 Nc6 42.Bc3 Kb7
43.Bg8 h6 44.Bd5 Kb6 45.Be4 Nc5 46.Bc2 h5 47.Kg3 Ne6 48.Bd1 Nc5 49.Kf4 Ne7
50.a5+ Kc7 51.Bf3 Kd6 52.Kg3 Nc6 53.Kh4 g6 54.Bxc6 Kxc6 55.Bxf6 Ne4  1/2-1/2

[Event "Capablanca mem-A"]
[Site "?"]
[Date "1994.??.??"]
[Round "9"]
[White "Lima, Darcy"]
[Black "Vera, Reynaldo"]
[Result "0-1"]
[WhiteElo "2500"]
[BlackElo "2500"]

1.d4 d5 2.c4 c6 3.Nc3 Nf6 4.Nf3 e6 5.e3 Nbd7 6.Bd3 dxc4 7.Bxc4 b5 8.Bd3 a6
9.e4 c5 10.d5 c4 11.dxe6 fxe6 12.Bc2 Qc7 13.O-O Bc5 14.Qe2 Ne5 15.Nxe5 Qxe5
16.Be3 Bxe3 17.Qxe3 Ng4 18.Qh3 h5 19.b3 O-O 20.Rad1 Ra7 21.bxc4 Raf7 22.Qg3 Qxg3
23.hxg3 Nxf2 24.Rde1 bxc4 25.Bd1 Nxd1 26.Rxd1 Rxf1+ 27.Rxf1 Rxf1+ 28.Kxf1 Kf7
29.Ke2 Kf6 30.Ke3 Ke5 31.Nb1 Bb7 32.Nd2 c3 33.Nc4+ Kf6  0-1

[Event "Cappelle op"]
[Site "Cappelle la Grande"]
[Date "1994.??.??"]
[Round "1"]
[White "Sagall, Roy"]
[Black "Nei, Iivo"]
[Result "1/2-1/2"]
[WhiteElo "2155"]
[BlackElo "2405"]

1.Nf3 d5 2.c4 e6 3.d4 c6 4.e3 Nf6 5.Nc3 Nbd7 6.Qc2 dxc4 7.Bxc4 b5 8.Bd3 Bb7
9.e4 b4 10.Na4 Qa5 11.O-O Rc8 12.b3 Be7 13.Bb2 h6 14.Nd2 O-O 15.Nc4 Qc7 16.Qe2 Rfe8
17.Rac1 Ba6 18.f4 Bb5 19.f5 exf5 20.Rxf5 Nh7 21.Rcf1 f6 22.Bc1 Kh8 23.Nab2 Ndf8
24.e5 Qd7 25.Be3 Ne6 26.Qf2 Rcd8 27.exf6 Bxf6 28.Ne5 Bxe5 29.Rxe5 Bxd3 30.Nxd3 Rf8
31.Rf5 Nxd4 32.Rxf8+ Rxf8 33.Nf4 Rd8 34.Ng6+ Kg8 35.Bxd4 Qxd4 36.Ne7+ Kh8
37.Qxd4 Rxd4 38.Ng6+ Kg8 39.Ne7+ Kh8 40.Nxc6 Rd2 41.Rf2 Rd1+ 42.Rf1 Rd2 43.Ra1 Nf6
44.Nxb4 Ng4 45.a4 Rb2 46.Nc6 Ne3 47.g3 Ng4 48.Nxa7 Nxh2 49.Nc6 Nf3+ 50.Kf1 Rd2  1/2-1/2

[Event "Cappelle op"]
[Site "Cappelle la Grande"]
[Date "1994.??.??"]
[Round "3"]
[White "Loiret, S."]
[Black "Grabarczyk, Miroslaw"]
[Result "0-1"]
[WhiteElo "2260"]
[BlackElo "2435"]

1.Nf3 d5 2.c4 c6 3.d4 Nf6 4.Nc3 e6 5.e3 Nbd7 6.Qc2 a6 7.c5 b6 8.cxb6 Qxb6
9.Na4 Qc7 10.Bd2 Be7 11.Rc1 Bb7 12.Bd3 a5 13.O-O O-O 14.Rfd1 Rfc8 15.a3 Ba6
16.Bxa6 Rxa6 17.Qd3 Qb7 18.Rc2 Raa8 19.Rdc1 Ne4 20.Be1 f5 21.Nd2 c5 22.f3 c4
23.Qe2 Nxd2 24.Bxd2 Nf6 25.Nc3 Qb8 26.g3 Qb6 27.Nd1 e5 28.Bc3 Re8 29.Qd2 f4
30.dxe5 fxe3 31.Nxe3 Bc5 32.Re1 d4 33.exf6 d3 34.Kg2 Bxe3 35.Rxe3 Rxe3 36.Qd1 Rae8
37.Rf2 Re2 38.Rxe2 Rxe2+ 39.Kh3 Qe6+ 40.g4 Qe3  0-1

[Event "Cappelle op"]
[Site "Cappelle la Grande"]
[Date "1994.??.??"]
[Round "4"]
[White "Fabris, Alberto"]
[Black "Beikert, Guenther"]
[Result "1/2-1/2"]
[WhiteElo "2205"]
[BlackElo "2415"]

1.d4 d5 2.c4 c6 3.Nf3 Nf6 4.Nc3 e6 5.e3 Nbd7 6.Qc2 Bd6 7.g4 Nxg4 8.Rg1 f5
9.h3 Ngf6 10.Rxg7 Ne4 11.Be2 Kf8 12.Rg2 Rg8 13.Rxg8+ Kxg8 14.Bd2 Nf8 15.Nxe4 fxe4
16.Ne5 Bd7 17.Bc3 Bxe5 18.dxe5 Qh4 19.Kd2 Ng6 20.Qa4 a5 21.cxd5 b5 22.Qa3 cxd5
23.Qd6 Qe7 24.Qxe7 Nxe7 25.Rg1+ Kf8 26.Rc1 Bc6  1/2-1/2

[Event "Cappelle op"]
[Site "Cappelle la Grande"]
[Date "1994.??.??"]
[Round "7"]
[White "Araslanov, Farid"]
[Black "Prudhomme, Franck"]
[Result "1-0"]
[WhiteElo "2310"]
[BlackElo "2070"]

1.c4 Nf6 2.Nc3 e6 3.Nf3 d5 4.d4 c6 5.e3 Nbd7 6.Bd3 Bd6 7.O-O O-O 8.e4 dxc4
9.Bxc4 e5 10.Bg5 h6 11.Bh4 Qe7 12.Bg3 b5 13.Bb3 b4 14.Nh4 Re8 15.Ng6 Qd8
16.dxe5 Nxe5 17.Nxe5 Bxe5 18.Qxd8 Rxd8 19.Bxe5 bxc3 20.Bxf6 gxf6 21.bxc3 Rd3
22.Rfd1 Ba6 23.Rxd3 Bxd3 24.f3 a5 25.Rd1 a4  1-0

[Event "Cappelle op"]
[Site "Cappelle la Grande"]
[Date "1994.??.??"]
[Round "7"]
[White "Mancini, Mario"]
[Black "Nei, Iivo"]
[Result "1/2-1/2"]
[WhiteElo "2305"]
[BlackElo "2405"]

1.d4 d5 2.c4 e6 3.Nc3 c6 4.e3 Nf6 5.Nf3 Nbd7 6.Bd3 dxc4 7.Bxc4 b5 8.Bd3 a6
9.e4 c5 10.d5 c4 11.Bc2 e5 12.O-O Bd6 13.Nb1 Qc7 14.Nh4 Nc5 15.Qf3 O-O 16.Nf5 Ne8
17.Nc3 f6 18.Ne2 Rf7 19.Neg3 Bf8 20.h4 Nd6 21.Be3 Nxf5 22.Nxf5 Nb7 23.Rac1 Nd6
24.Ng3 Bd7 25.Qe2 b4 26.Qd1 Qa5 27.Ra1 Qb5 28.f4 Re8 29.fxe5 Rxe5 30.Bd4 Rfe7
31.Bxe5 Rxe5 32.Qf3 Nf7 33.Rad1 Re8 34.Nf5 Ne5 35.Qg3 Kh8 36.h5 a5 37.Kh1 Qb6
38.Qh4 h6 39.Qg3 a4 40.Nh4 Bd6 41.Ng6+ Nxg6 42.Qxg6 Be5 43.Rf3 Qd6 44.Rdf1 Re7
45.R3f2 Be8 46.Qf5 Bd7 47.Qg6  1/2-1/2

[Event "Cappelle"]
[Site "Cappelle la Grande"]
[Date "1994.??.??"]
[Round "7"]
[White "Flear, Glenn C"]
[Black "Vaisser, Anatoli"]
[Result "1/2-1/2"]
[WhiteElo "2505"]
[BlackElo "2575"]

1.d4 e6 2.c4 d5 3.Nc3 c6 4.e3 Nf6 5.Nf3 Nbd7 6.Bd3 dxc4 7.Bxc4 b5 8.Be2 Bb7
9.O-O b4 10.Na4 Be7 11.a3 bxa3 12.b3 c5 13.dxc5 Nxc5 14.Bb5+ Ncd7 15.Ne5 Qc7
16.Nxd7 Nxd7 17.Bxa3 Bxa3 18.Rxa3 Bc6 19.Qc2 Rc8 20.Rc1 Nb8 21.Qc5 Qe7 22.Nb2 Qxc5
23.Rxc5 O-O 24.Nc4 Rfd8 25.h4 Bxb5  1/2-1/2

[Event "Cappelle op"]
[Site "Cappelle la Grande"]
[Date "1994.??.??"]
[Round "9"]
[White "Solozhenkin, Evgeniy"]
[Black "Petkevich, Jusefs"]
[Result "0-1"]
[WhiteElo "2525"]
[BlackElo "2445"]

1.d4 Nf6 2.c4 c6 3.Nc3 d5 4.Nf3 e6 5.e3 Nbd7 6.Qc2 Bd6 7.Be2 Qe7 8.O-O dxc4
9.Bxc4 O-O 10.a3 b6 11.Re1 Bb7 12.e4 e5 13.h3 Rad8 14.Bf1 Rfe8 15.Bg5 h6
16.Bh4 exd4 17.Nxd4 g6 18.Rad1 c5 19.Nd5 Bxd5 20.exd5 Qxe1 21.Rxe1 Rxe1 22.Nb5 Bf4
23.g3 Bg5 24.Bxg5 hxg5 25.Qd2 Ra1 26.Nc7 Ne4 27.Qe3 Ndf6 28.Kg2 Rd7 29.f3 Nd6
30.Qe5 Kg7 31.Bb5 Rxc7 32.Qxd6 Rc8 33.Qe5 Rd1 34.Bc6 Rd8 35.g4 R8xd5 36.Bxd5 Rxd5
37.Qc3 Rd4 38.Qc1 Nd5 39.Qxg5 f6 40.Qc1 Nf4+ 41.Kh2 g5 42.Qe1 Ng6 43.Qe2 Ne5
44.Kg2 Rd3 45.h4 gxh4 46.g5 Rxf3 47.gxf6+ Kxf6 48.Qe4 h3+ 49.Kh2 Ke6 50.a4 Rb3
51.Qc2 c4 52.Kh1 Kd5 53.Qd2+ Rd3 54.Qg5 Rf3 55.Qd2+ Ke4 56.Qc2+ Kd4 57.a5 bxa5
58.Qd2+ Rd3 59.Qxa5 Nf3 60.Qxa7+ Ke4 61.Qh7+ Ke3 62.Qh6+ Kf2 63.Qb6+ Rd4
64.Qc5 Ke2 65.Qe7+ Kd1 66.Qf7 Nd2 67.Qh5+ Kc2 68.Qxh3 Kxb2 69.Qh8 Nb3  0-1

[Event "Cappelle op"]
[Site "Cappelle la Grande"]
[Date "1994.??.??"]
[Round "9"]
[White "Van Gisbergen, Stan"]
[Black "Savchenko, Stanislav"]
[Result "0-1"]
[WhiteElo "2365"]
[BlackElo "2540"]

1.d4 d5 2.c4 c6 3.Nc3 Nf6 4.e3 e6 5.Nf3 Nbd7 6.Qc2 Bd6 7.b3 O-O 8.Be2 e5
9.cxd5 cxd5 10.dxe5 Nxe5 11.O-O Nxf3+ 12.Bxf3 Qc7 13.h3 Bh2+ 14.Kh1 Be5 15.Bb2 Be6
16.Qd3 Qd7 17.g4 h5 18.gxh5 Bf5 19.Qe2 Bd3  0-1

[Event "Casablanca"]
[Site "Casablanca"]
[Date "1994.??.??"]
[Round "3"]
[White "Elbilia, Jacques"]
[Black "Sebih, Kamel"]
[Result "0-1"]
[WhiteElo "2290"]
[BlackElo "2375"]

1.d4 d5 2.c4 c6 3.Nf3 Nf6 4.Nc3 e6 5.e3 Nbd7 6.Qc2 Bd6 7.Be2 O-O 8.O-O dxc4
9.Bxc4 e5 10.Rd1 Qe7 11.h3 h6 12.Nh4 Nb6 13.Ng6 Qc7 14.Bb3 Re8 15.dxe5 Bxe5
16.Nxe5 Qxe5 17.Qd3 Be6 18.Bxe6 Qxe6 19.b3 a5 20.Qd4 Ra6 21.Na4 Nxa4 22.bxa4 Ne4
23.Bb2 f6 24.Qd7 Rb6 25.Ba3 Nc3 26.Qc7 Nd5 27.Qg3 Qf5 28.Rac1 Re4 29.Qb8+ Kh7
30.Qd8 Qe6 31.Rb1 Rxb1 32.Rxb1 b6 33.Rc1 Rxa4 34.Bd6 Rxa2 35.Rxc6 Nxe3 36.Rc7 Nf5
37.Bf8 Qe1+ 38.Kh2 Qxf2  0-1

[Event "Catania op"]
[Site "Cattolica"]
[Date "1994.??.??"]
[Round "6"]
[White "Arlandi, Ennio"]
[Black "Godena, Michele"]
[Result "1/2-1/2"]
[WhiteElo "2425"]
[BlackElo "2485"]

1.d4 d5 2.c4 e6 3.Nc3 c6 4.e3 Nf6 5.Nf3 Nbd7 6.Qc2 Bd6 7.Be2 O-O 8.O-O e5
9.cxd5 cxd5 10.Nb5 Bb8 11.dxe5 Nxe5 12.Nbd4 Qd6 13.b3 Bg4 14.Nxe5 Qxe5 15.g3 Rc8
16.Qd3 Bh3 17.Rd1 Ne4 18.Bd2 a6 19.Nf3 Qf5 20.Be1 Rd8 21.Rac1 Ba7 22.Rc7 Bg4
23.Nd4  1/2-1/2

[Event "Catania op"]
[Site "Cattolica"]
[Date "1994.??.??"]
[Round "7"]
[White "Marinelli, Tullio"]
[Black "Maksimenko, Andrei"]
[Result "0-1"]
[WhiteElo "2375"]
[BlackElo "2525"]

1.d4 d5 2.c4 c6 3.Nf3 Nf6 4.Nc3 e6 5.e3 Nbd7 6.Bd3 dxc4 7.Bxc4 b5 8.Bd3 a6
9.e4 c5 10.e5 cxd4 11.Nxb5 axb5 12.exf6 gxf6 13.O-O Qb6 14.Re1 Bb7 15.Nh4 Nc5
16.Bf5 Rd8 17.Bf4 Rd7 18.Rc1 Be7 19.b4 Na6 20.Qg4 Bd5 21.Qg7 Rf8 22.a3 Kd8
23.Bh6 Nc7 24.Qxh7 Re8 25.Bd3 Qa6 26.Qxf7 Qxa3 27.Bg6 e5 28.Qh7 Bxb4 29.Bg7 Bxe1
30.Rxe1 Qf8 31.Bxf8 Rxh7 32.Bd6 Rxh4 33.Bxc7+ Kxc7 34.Bxe8 b4 35.Bg6 Rg4  0-1

[Event "Catania op"]
[Site "Cattolica"]
[Date "1994.??.??"]
[Round "8"]
[White "Ortega, Lexy"]
[Black "Ciampi, Vincenzo"]
[Result "1-0"]
[WhiteElo "2450"]
[BlackElo "2175"]

1.d4 Nf6 2.Nf3 c6 3.c4 d5 4.Nc3 e6 5.e3 Nbd7 6.Qc2 Bd6 7.Bd2 O-O 8.O-O-O c5
9.cxd5 exd5 10.Ng5 cxd4 11.Nxd5 g6 12.Ne4 Nxd5 13.Nxd6 N7f6 14.Qc5 dxe3 15.fxe3 Bg4
16.Re1 Qe7 17.Qa3 Rfd8 18.Nb5 Rac8+ 19.Kb1 Bf5+ 20.Ka1 Qxa3 21.Nxa3 Ne4 22.Bc1 Nb4
23.Rg1 h5 24.Be2 a6 25.Ref1 Be6 26.Bf3 Nc5 27.b3 b5 28.Rd1 Nbd3 29.Bb2 b4
30.Nc4 Bxc4 31.bxc4 Nxb2 32.Kxb2 a5 33.Rd5 Rxd5 34.Bxd5 Re8 35.Rf1 Re7 36.Rf3 Kg7
37.Kc2 f5 38.h4 Ne4 39.Kd3 Nc5+ 40.Kd4 Ne4 41.c5 Nf6 42.c6 Rc7 43.Kc5 a4
44.Rf4 Re7 45.Rxb4 Rxe3 46.c7 Re8 47.Bc6 Rc8 48.Kd6  1-0

[Event "FRA-ch"]
[Site "Chambery"]
[Date "1994.??.??"]
[Round "?"]
[White "Bricard, Emmanuel"]
[Black "Roos, Louis"]
[Result "1-0"]
[WhiteElo "2455"]
[BlackElo "2440"]

1.d4 Nf6 2.c4 e6 3.Nf3 d5 4.Nc3 c6 5.e3 Nbd7 6.Qc2 Be7 7.b3 O-O 8.Bb2 Re8
9.Bd3 dxc4 10.bxc4 c5 11.O-O cxd4 12.exd4 b6 13.Rad1 Bb7 14.d5 exd5 15.Nxd5 Bd6
16.Bf5 Ne5 17.Qc3 Nxd5 18.cxd5 Qf6 19.Nd4 Ba6 20.Rfe1 g6 21.Nc6 Qxf5 22.Nxe5 Rxe5
23.Rxe5 Qxe5 24.Qxe5 Bxe5 25.Bxe5 Bb5 26.Rc1 Bd7 27.f3 Rc8 28.Bc7 Kf8 29.Kf2 Ke7
30.Re1+ Kf6 31.Be5+ Kg5 32.h4+ Kh6 33.g4 Rc5 34.Bf6 Rxd5 35.Re7 Be6 36.Re8  1-0

[Event "FRA-ch"]
[Site "Chambery"]
[Date "1994.??.??"]
[Round "?"]
[White "Sharif, Mershad"]
[Black "Relange, Eloi"]
[Result "1/2-1/2"]
[WhiteElo "2455"]
[BlackElo "2445"]

1.d4 d5 2.c4 e6 3.Nc3 c6 4.e3 Nf6 5.Nf3 Nbd7 6.Qc2 Bd6 7.Bd2 O-O 8.O-O-O e5
9.cxd5 cxd5 10.Nb5 Bb8 11.dxe5 Nxe5 12.Bc3 Qe7 13.Bd4 Rd8 14.Nc3 Bg4 15.Be2 Bh5
16.Nxe5 Bxe2 17.Qxe2 Bxe5 18.Qf3 Rac8 19.Kb1 Rc4 20.Bxe5 Qxe5 21.Rd3 Rc5
22.Rd4 a5 23.Rhd1  1/2-1/2

[Event "Chicago op"]
[Site "Chicago"]
[Date "1994.??.??"]
[Round "6"]
[White "Chow, Albert"]
[Black "Alexopoulos, Georgios"]
[Result "1/2-1/2"]
[WhiteElo "2310"]
[BlackElo "2260"]

1.d4 Nf6 2.c4 c6 3.Nc3 d5 4.e3 e6 5.Nf3 Nbd7 6.Bd3 dxc4 7.Bxc4 b5 8.Bd3 Bb7
9.e4 b4 10.Na4 c5 11.e5 Nd5 12.Nxc5 Nxc5 13.dxc5 Bxc5 14.Bb5+ Ke7 15.O-O h6
16.Bd2 Qb6 17.Qe2 Rhd8 18.Bd3 Rac8 19.Rac1 Ke8 20.Rc2 Be7 21.Rfc1 Rxc2 22.Rxc2 Rc8
23.Rxc8+ Bxc8  1/2-1/2

[Event "Bohemia"]
[Site "Chrudim"]
[Date "1994.??.??"]
[Round "3"]
[White "Chilingirova, Pavlina"]
[Black "Misanovic, Vesna"]
[Result "1/2-1/2"]
[WhiteElo "2305"]
[BlackElo "2340"]

1.d4 d5 2.c4 e6 3.Nf3 Nf6 4.Nc3 c6 5.e3 Nbd7 6.Bd3 Bd6 7.O-O O-O 8.e4 dxc4
9.Bxc4 e5 10.dxe5 Nxe5 11.Nxe5 Bxe5 12.Qxd8 Rxd8  1/2-1/2

[Event "Porz op"]
[Site "Cologne"]
[Date "1994.??.??"]
[Round "5"]
[White "Hubert, Ralf"]
[Black "Goy, Udo"]
[Result "1-0"]
[WhiteElo "2385"]
[BlackElo "2215"]

1.d4 d5 2.c4 e6 3.Nc3 Nf6 4.Nf3 c6 5.e3 Nbd7 6.Bd3 Bd6 7.O-O O-O 8.e4 dxc4
9.Bxc4 e5 10.Bg5 exd4 11.Qxd4 Bc5 12.Qd2 Nb6 13.Qxd8 Rxd8 14.Bb3 Re8 15.Bxf6 gxf6
16.e5 fxe5 17.Ne4 Be7 18.Nxe5 Nd5 19.f4 f6 20.Nc4 Rd8 21.Rae1 Bf5 22.Kh1 Bb4
23.Re2 Bxe4 24.Rxe4 Re8 25.Rd4 Re2 26.Ne3 Bc5 27.Nxd5 cxd5 28.Rxd5  1-0

[Event "Copenhagen op16"]
[Site "Copenhagen"]
[Date "1994.??.??"]
[Round "2"]
[White "Aagaard, Jacob"]
[Black "Antreasyan, Erol"]
[Result "1-0"]
[WhiteElo "2260"]
[BlackElo "1900"]

1.d4 d5 2.c4 c6 3.Nc3 Nf6 4.e3 e6 5.Nf3 Nbd7 6.Qc2 Bd6 7.g4 Nxg4 8.Rg1 f5
9.h3 Ngf6 10.Rxg7 Rg8 11.Rxg8+ Nxg8 12.Bd2 b6 13.cxd5 cxd5 14.Nb5 Bb8 15.Qc6 a6
16.Qxa8 axb5 17.Qc6  1-0